• 首页
  • 本馆介绍
  • 公告通知
  • 最新文献
  • 馆藏检索
  • 电子资源
  • 读者导购
  • 参考咨询
  • 我的图书馆
  • 登录
  • 详细信息显示
  • 放入我的书架
  • 预约/预借图书
  • 作者相关作品
  • 分类相关作品
  • 丛书相关作品
  • 出版社相关作品

书目信息

  • 表格格式
  • 工作单格式
  • 卡片格式
题名:
数学教育学
    
 
作者: 吴宪芳 编著
分册:  
出版信息: 武昌   华中师范大学出版社  1997.6
页数: 341页
开本: 32开
丛书名: 华中师范大学出版基金丛书
单 册:
中图分类: O1-42
科图分类:
主题词: 数学--教育学
电子资源:
ISBN: 7-5622-1711-4
000 00591nam0 2200217 45
001 0005121043
005 20031219104045.2
010    @a7-5622-1711-4@dCNY14.00
100    @a20000512d1997 km y0chiy0120 ea
101    @achi
105    @a z 000yy
200 1  @a数学教育学@f吴宪芳,郭熙汉等编著
210    @a武昌@c华中师范大学出版社@d1997.6
215    @a341页@d32开
225    @a华中师范大学出版基金丛书
410    @12001 @a华中师范大学出版基金丛书
606 0  @a数学@x教育学
690    @aO1-42@v1
701    @a吴宪芳@4编著
801    @aCN@bTSTC@c20000512
905    @f1@b288417@dO1-42@e186
    
    数学教育学/吴宪芳,郭熙汉等编著.-武昌:华中师范大学出版社,1997.6
    341页;32开.-(华中师范大学出版基金丛书)
    
    
    ISBN 7-5622-1711-4:CNY14.00
    
●
相关链接 在E读中查询图书 在五车中查询图书 在当当中查询图书 在豆瓣中查询图书


正题名:数学教育学     索取号:O1-42/186         预约/预借

序号 登录号 条形码 馆藏地/架位号 状态 备注
1 0288417   002884178   第二样本阅览室/ [索取号:O1-42/186] 在馆    
2 0294843   002948430   第三借阅区/ [索取号:O1-42/186] 在馆    
3 0294844   002948449   第三借阅区/ [索取号:O1-42/186] 在馆    
4 0294845   002948458   第三借阅区/ [索取号:O1-42/186] 在馆    
5 0294846   002948467   第三借阅区/ [索取号:O1-42/186] 在馆    
6 0294847   002948476   第三借阅区/ [索取号:O1-42/186] 在馆    
唐山师范学院图书馆 欢迎您!
大连网信软件有限公司© 版权所有